| LEADER |
00890nam0a2200181 450 |
| 001 |
16847875 |
| 010 |
|
|
|a 2-263-03752-7
|b Spir.
|d 26
|
| 100 |
|
|
|a 20041028d2005 u u0frey01 ba
|
| 101 |
0 |
|
|a fre
|
| 102 |
|
|
|a FR
|
| 200 |
0 |
|
|a Clés du bien-être au quotidien (Les)
|e pour être au top dans sa tête et dans son corps
|f Marie Borrel
|
| 207 |
|
1 |
|a
|
| 215 |
|
|
|a 352 p.
|d 24 x 18 cm
|
| 330 |
|
|
|a Permet d'apprendre à écouter ses sens, à les explorer ou encore à les laisser sommeiller. Au moyen de conseils et d'exercices pratiques, permet d'être plus sensible à son corps et à ses besoins pour transformer soucis et blocages du quotidien en énergie positive indispensable à son bien-être.
|
| 700 |
|
0 |
|a Borrel
|b Marie
|4 70
|
| 900 |
|
|
|a Documentaire
|
| 901 |
|
|
|a Accessible au prêt
|
| 995 |
|
|
|a Bibliothèque
|c Bibliothèque
|f 00156006265110
|h 00156006265110
|k 613 BOR
|o p
|q a
|r az
|e Bibliothèque
|